Torschützenliste der La Liga 2023-2024 - Statistiken

Allgemein
  • Dieses Quiz wurde 17 mal gespielt
  • Das Durchschnittsergebnis liegt bei 7 aus 10
Antwortstatistiken
Tore Nationalität Verein Spieler % Korrekt
19 England Real Madrid Jude Bellingham
94%
19 Polen FC Barcelona Robert Lewandowski
94%
15 Brasilien Real Madrid Vinícius Júnior
94%
16 Frankreich Atlético Madrid Antoine Griezmann
88%
23 Norwegen FC Villarreal Alexander Sørloth
82%
15 Spanien Atlético Madrid Álvaro Morata
65%
17 Kroatien CA Osasuna Ante Budimir
47%
16 Marokko FC Sevilla Youssef En-Nesyri
47%
24 Ukraine FC Girona Artem Dowbyk
35%
15 Spanien FC Getafe Borja Mayoral
12%
Keine übereinstimmenden Quizze gefunden
Verteilung der Resultate
Anzahl Personen mit jedem Resultat
Perzentil nach korrekt beantworteten Fragen
Ihre Resultats-Entwicklung
Sie haben dieses Quiz noch nicht gespielt